000 00485nmm a2200169Ia 4500
008 251105s9999||||xx |||||||||||||||||und||
020 _a9791222099880
041 _aeng
100 _aPope Pius X
245 0 _aE Supremi - On the restoration of all things in Christ
264 _a[Quito, Ecuador] :
_bCervantes Digital,
_c2023
300 _a16 páginas
490 _aReligiosos
650 _aReligion(s)
856 _uhttps://public.digitaliapublishing.com/a/127578
942 _cCF
999 _c98161
_d98161